000 00733nam a2200253 a 4500
001 38448
003 BD-RjUL
005 20211209052811.0
008 181003s1893 uk 000 0 eng
035 _a(BD-RjUL)38553
040 _aDLC
_cOCP
_dOCL
_dBD-RjUL
_beng
041 _aeng
082 _a297
_223
_bLAS 1893
100 1 _aLane-Poole, Stanley,
_d1854-1931.
_9223215
245 1 0 _aStudies in a mosque /
_cby Stanley Lane-Poole.
250 _a2nd ed., enl.
260 _alondon :
_bEden, Remington & Co.,
_c1893
300 _aviii, 326 p. ;
_c23 cm.
504 _aIncludes bibliographical references.
650 0 _aIslam.
_9223216
650 0 _aIslamic civilization.
_9223217
942 _2ddc
_cRAR
999 _c38448
_d38448